A New Harry Potter Logic Quiz Stats

 Plays Quiz not verified by Sporcle

Score 0/36 Timer 20:00
47 Plays Today
Field Answer % Correct
A1






???
100%
A6






???
66.5%
C1






???
62.8%
F6






???
56.4%
B1






???
49.9%
A2






???
35.7%
F1






???
34.1%
B3






???
33.4%
F3






???
31.7%
E6






???
29.2%
A3






???
25%
A4






???
23.5%
A5






???
23.4%
D4






???
23.4%
C3






???
23%
E1






???
22.7%
D2






???
16.8%
F2






???
15.9%
Field Answer % Correct
F4






???
15.6%
E3






???
14.5%
E2






???
14.2%
B4






???
13.9%
C5






???
13%
E4






???
12.6%
F5






???
12.3%
B6






???
12%
D6






???
11.5%
D5






???
11%
E5






???
10.8%
D3






???
10.1%
C6






???
8.6%
B2






???
7.2%
C2






???
6.6%
B5






???
5.6%
D1






???
5.2%
C4






???
4.5%

You're not logged in!

Compare scores with friends on all Sporcle quizzes.
OR
Log In

Show Comments

Extras

Top Quizzes Today


Score Distribution

Your Account Isn't Verified!

In order to create a playlist on Sporcle, you need to verify the email address you used during registration. Go to your Sporcle Settings to finish the process.

Report this User

Report this user for behavior that violates our Community Guidelines.

Details: